000 00579nam a2200217Ia 4500
005 20241129115855.0
008 241129s9999||||xx |||||||||||||| ||und||
020 _a9780192859822
037 _aTB
040 _aSDCL
_beng
_cSDCL
041 _aeng
_2eng
084 _aO15,N:g(Q44), R2
_qSDCL
100 _aVanita Ruth
245 0 _aDharma of justice in the sanskrit epics
260 _aU K
_bOxford University Press
_c2022
300 _ax,287p
365 _aINR
_b1795
650 _aHistory
942 _cTB
_hO15,N:g(Q44), R2
999 _c1232381
_d1232381